Foundation Characters - Statistics

General Stats
  • This quiz has been taken 15 times
    6 since last reset
  • The average score is 13 of 30
Answer Stats
Hint Answer % Correct
The last great general of the Empire Bel Riose
100%
Mathematician who worked for the Seldon Gaal Dornick
100%
Founder of the Foundation Hari Seldon
100%
First Mayor of Terminus Salvor Hardin
100%
Emotion-controlling mutant The Mule
100%
Singlehandedly stopped the Mule’s initial conquest Bayta Darrel
75%
First of the Merchant Princes Hober Mallow
75%
The clever young girl from post Mule times Arcadia Darrel
50%
The Mule’s best general Hans Pritcher
50%
The only First Foundationer to discover the location of the Second Foundation Ebling Mis
50%
Kidnapper of Arcadia to Trantor Preem Palver
50%
Leader of the Second Foundation The First Speaker
50%
Husband of the former Toran Darrel
50%
Second Foundationer sent to bait the Mule Bail Channis
25%
The Second Foundationer highest up on Kalgan Callia
25%
Had faith in the dead hand of Seldon Ducem Barr
25%
Muliana collector Homir Munn
25%
The dictatorial Mayor of the first foundation Indbur III
25%
First and only trader caught by the former Lathan Devers
25%
Heir to Anacreon throne during the Second Crisis Lepold
25%
Creator of Arkady’s sound reciever Olynthus Dam
25%
The man who the former meets on Siwenna Onum Barr
25%
The Second Foundationer who sacrificed themself among the First Foundation conspirators Pelleas Anthor
25%
The First Citizen who attacked the Foudation after The Mule Stettin
25%
Leader of the conspirators Toran Darrel
25%
Regent of Anacreon during the Second Crisis Wienis
25%
Closest friend and coworker of the former Yohan Lee
25%
The oldest conspirator, co-creator of the Mental Static device Elvett Semic
0%
The war correspondent conspirator Jole Turbor
0%
First Minister of Kalgan Lev Meirus
0%
No matching quizzes found
Score Distribution
Percent of People with Each Score
Percentile by Number Answered
Your Score History
You have not taken this quiz since the last reset